Statistics for Province Quiz - Alberta

Click here to take the quiz!

General Stats

  • This quiz has been taken 1,044 times
    (880 since last reset)
  • The average score is 12 of 22

Answer Stats

ClueAnswer% Correct
Most populous cityCalgary
97%
Capital cityEdmonton
96%
Canada's oldest national parkBanff
88%
Mountain range in the
southwestern border
Rocky Mountains
84%
Event hosted in 1988Winter Olympics
83%
Most important exportOil
81%
Alberta is one of these provinces{Prairie} Provinces
73%
Rodeo festival held in the aboveStampede
69%
River on which the capital liesNorth
{Saskatchewan}
62%
Largest national park in the aboveJasper
60%
Biggest city in Northern AlbertaFort {McMurray}
56%
Alberta split from this territory in
1905 to become a province
Northwest
Territories
47%
Biggest city in Southern AlbertaLethbridge
46%
Food product Alberta is famous forBeef
45%
Political party that has the most
seats in Alberta legislature
United
{Conservative}
45%
Name of the trio peaks
near Canmore
The Three
{Sisters}
43%
Daughter of Queen Victoria
after whom Alberta is named
Princess
{Louise}
40%
Rock band from HannaNickelback
32%
Large lake on
the Saskatchewan border
Lake Athabasca
31%
Vodka-based cocktailCaesar
27%
Iconic glacially fed lake in above,
located in "Valley of the Ten Peaks"
Moraine Lake
25%
Tallest mountainMount Columbia
16%

Score Distribution

Percentile by Number Answered

Percent of People with Each Score

Your Score History

You have not taken this quiz since the last reset